| 000 | 00810nam a2200253 a 4500 | ||
|---|---|---|---|
| 999 |
_c5276 _d5276 |
||
| 005 | 20200529141616.0 | ||
| 008 | 140319b2003 ck ||||| |||| 00| 0 spa d | ||
| 040 |
_aCO-BoIAVH _cCO-BoIAVH |
||
| 041 | _aspa | ||
| 044 | _ack | ||
| 082 | _a333.72 | ||
| 090 |
_aLB _b04617 |
||
| 110 |
_bCorporación Autónoma Regional del Quindío _9103217 |
||
| 245 |
_aCinco experiencias de campo del proyecto PACOFOR en el Quindío _bun nuevo sendero para la equidad y la participación |
||
| 260 |
_aQuindío _bCRQ _bPACOFOR _c2003 |
||
| 300 | _a156 p. | ||
| 650 |
_aActividades forestales _9103218 |
||
| 650 | 0 |
_aParticipación comunitaria _9103219 |
|
| 650 | 0 |
_aSostenibilidad ambiental _9103220 |
|
| 650 | 0 |
_aProcesos organizativos _95532 |
|
| 710 |
_a^aPACOFOR _922827 |
||
| 942 |
_cLIBRO _2lcc |
||
| 945 | _d2006-09-21 | ||